000
00296nam a2200109Ia 4500
008
200302s9999 xx 000 0 und d
100
_a
Isabella skiba & Rahel Zuger
245
_a
Basics Barrier-free Planning
260
_b
Birkhauser Publlisher for Architecture
260
_c
2009
300
_a
78 P.,
999
_c
4246
_d
4246